[Event "TUN-chT U16"]
[Site "Kelibia"]
[Date "2021.11.04"]
[Round "4.1"]
[White "El Behi, Hatem"]
[Black "Tira, Ahmed"]
[Result "0-1"]
[WhiteElo "1339"]
[BlackElo "1640"]
[PlyCount "42"]
[EventDate "2021.11.03"]
[EventType "team-tourn"]
[EventRounds "10"]
[EventCountry "TUN"]
[SourceTitle "CBM 205 Extra"]
[Source "ChessBase"]
[SourceDate "2022.01.31"]
[SourceVersion "1"]
[SourceVersionDate "2022.01.31"]
[SourceQuality "1"]
[WhiteTeam "Bouhjar"]
[BlackTeam "Ariana Sporting"]
[WhiteTeamCountry "TUN"]
[BlackTeamCountry "TUN"]

1. c4 Nf6 2. Nc3 c5 3. e4 Nc6 4. g3 g6 5. Bg2 Bg7 6. d3 d6 7. Nge2 0-0 8. 0-0 a6 9. h3 Rb8 10. a4 Nd4 11. Nxd4 cxd4 12. Ne2 Nd7 13. a5 b6 14. axb6 Qxb6 15. f4 Nc5 16. Rb1 Qb3 17. Qd2 Bd7 18. Ra1 Ba4 19. Rf3 Qd1+ 20. Qxd1 Bxd1 21. Bf1 Nb3 0-1

[Event "TUN-ch U18"]
[Site "Monastir"]
[Date "2021.09.03"]
[Round "5"]
[White "Tira, Ahmed"]
[Black "Boulaares, Adam"]
[Result "1-0"]
[WhiteElo "1517"]
[BlackElo "1746"]
[PlyCount "45"]
[EventDate "2021.09.01"]
[EventType "swiss"]
[EventRounds "9"]
[EventCountry "TUN"]
[SourceTitle "EXT 2023"]
[Source "ChessBase"]
[SourceDate "2022.10.05"]
[SourceVersion "1"]
[SourceVersionDate "2022.10.05"]
[SourceQuality "1"]

1. d4 d5 2. c4 e6 3. Nc3 Nf6 4. cxd5 Nxd5 5. e4 Nxc3 6. bxc3 c5 7. Nf3 cxd4 8. cxd4 Bd6 9. Bd3 Nc6 10. 0-0 h6 11. Be3 0-0 12. e5 Be7 13. Bb1 f5 14. exf6 Bxf6 15. Qd3 Ne7 16. Qh7+ Kf7 17. Bxh6 Qd5 18. Bxg7 Rg8 19. Bxf6+ Kxf6 20. Be4 Qd6 21. Qh6+ Kf7 22. Ne5+ Ke8 23. Qh5+ 1-0